The minimalist program

Sábháilte in:
Sonraí bibleagrafaíochta
Príomhchruthaitheoir: Chomsky, Noam (Údar)
Formáid: LEABHAR
Teanga:Béarla
Foilsithe / Cruthaithe: Cambridge The MIT 1995
Sraith:Current Studies en Linguistics, 28
Ábhair:
Clibeanna: Cuir clib leis
Níl clibeanna ann, Bí ar an gcéad duine le clib a chur leis an taifead seo!

MARC

LEADER 00000nam a2200000 a 4500
001 UCO9580
003 CL-VaPUC
008 010302e19950000US |||||||||||||||||eng|d
020 |a 0262531283 
082 0 4 |a 410.1  |b CHO  |2 21 
100 0 |a Chomsky, Noam  |e author  |9 320717 
245 1 4 |a The minimalist program 
300 |a 420 p 
942 |c BK 
945 |d 20010302 00:00:00  |a cmena 
260 |a Cambridge  |b The MIT  |c 1995 
650 0 |a Filosofía del lenguaje  |9 257082 
650 0 |a Lingüística  |9 265068 
650 7 |a TEORIA LINGUISTICA  |2 CL-VaPUC  |9 334835 
583 |a last modification  |c 20010302 00:00:00  |k Rodrigo Vera 
490 0 |a Current Studies en Linguistics, 28 
999 |c 293781  |d 293779 
952 |0 0  |1 0  |4 0  |6 410_100000000000000_CHO_1995  |7 0  |8 A  |9 345495  |a FDOPOS  |b FDOPOS  |d 2019-11-20  |i 3684458  |o 410.1 CHO 1995  |p 3684458  |r 2025-01-22  |w 2019-11-20  |y BK  |k MLA 
952 |0 0  |1 0  |4 0  |6 410_100000000000000_CHO_1995  |7 0  |8 A  |9 345496  |a FDOPOS  |b FDOPOS  |d 2019-11-20  |i 4349202  |o 410.1 CHO 1995  |p 4349202  |r 2025-01-22  |w 2019-11-20  |y BK  |k MLA